Statystyki dla Czy znasz wyniki gali KSW 78?

Kliknij tutaj aby rozwiązać quiz!

Ogólne statystyki

  • Ten quiz został rozwiązany 15 razy
  • Średni wynik to 7 z 9

Statystyki odpowiedzi

ZagadnienieOdpowiedź% Poprawnych
Kto i jak wygrał walkę Materla vs Groove ?Materla TKO
100%
Kto wygrał walkę Paczuski vs RomanowskiRomanowski Decyzja
100%
Kto i jak wygrał walkę Tutarauli vs SzymańskiSzymański Poddanie
93%
Kto i jak wygrał walkę Kijańczuk vs Doussis?Kijańczuk TKO
86%
Kto wygrał walkę Mircea vs Mańkowski?Mircea KO
79%
Kto i jak wygrał walkę Silva vs Sudolski?Silva KO
79%
Kto i jak wygrał walkę Szczepaniak vs Krilavicius?Szczepaniak Decyzja
79%
Kto i jak wygrał walkę Dzikowski vs Langen?Dzikowski Decyzja
64%
Kto i jak wygrał walkę Siraj vs RajewskiRajewski TKO
50%

Rozkład punktacji

Percentyl według liczby udzielonych odpowiedzi

Procent ludzi z każdym wynikiem

Twoja historia wyników

Nie rozwiązałeś tego quizu